LEADER 01048nam a2200241 i 4500 001 000000151730 003 CaOOAMICUS 005 20160921000000.0 008 160921s1988 it u000 u ita u 013 $a129069 040 $aSeMil$bita 100 1 $aDossetti, Giuseppe <1942- >.$0(OLS)http://semarc/name/23998 245 10$aDon Gianfranco Magnani un Prete per la Chiesa e per la città /$cDon Giuseppe Dossetti. 260 $aCavirago :$bTipolitografia Bertani & c.,$c1988. 260 $a[S.l. :$bs.n.],$c1988. 300 $a29 p. ;$c24 cm. 650 4$aMagnani, Gianfranco.$0(OLS)http://semarc/subject/29621 850 $aSeMil 852 $aSeMil$W1$xVenegono$y1$m5B III 33/25$j103713$B103713$CSeMilBibl$Z2$F112876 $81 961 $aOmaggio: Gallivanone don Franco 996 $6245$aDon Gianfranco Magnani un Prete per la Chiesa e per la città$9(OLS)http://semarc/title/221729 996 $6260$a[S.l. :$bs.n.]$9(OLS)http://semarc/publisher/29751 996 $6260$aCavirago :$bTipolitografia Bertani & c.$9(OLS)http://semarc/publisher/47987 LEADER 01421nam a2200289 i 4500 001 000000163091 003 CaOOAMICUS 005 20090527000000.0 008 090527s2009 it u000 u ita u 013 $a140455 020 $a978-88-8227-279-1 040 $aSeMil$bita 245 13$aIl cammino del monaco :$bla vita monastica secondo la tradizione dei padri /$cintroduzione, scelta e traduzione dalle lingue originali a cura di Luigi D'Ayala Valva ; prefazione di Enzo Bianchi. 260 $aMagnano :$bQiqajon,$c2009. 300 $a982 p. ;$c22 cm. 490 0 $aPadri della chiesa: volti e voci 650 4$aVita monastica.$0(OLS)http://semarc/subject/3797 650 4$aMonachesimo cristiano - Origini-1054 - Antologie.$0(OLS)http://semarc/subject/31011 700 1 $aBianchi, Enzo,$d<1943- >.$0(OLS)http://semarc/name/367 700 1 $aD'Ayala Valva, Luigi,$d<1976- >.$0(OLS)http://semarc/name/89120 830 0$aPadri della chiesa: volti e voci.$0(OLS)http://semarc/title/26515 850 $aSeMil 852 $aSeMil$W1$xVenegono$y1$m2C III 563$j114407$B114407$CSeMilBibl$Z2$F142188 $81 961 $aAcquisto: Città Nuova (Agente) 996 $6020$a978-88-8227-279-1$9(OLS)http://semarc/number/149153 996 $6245$aIl cammino del monaco :$bla vita monastica secondo la tradizione dei padri$9(OLS)http://semarc/title/232690 996 $6260$aMagnano :$bQiqajon$9(OLS)http://semarc/publisher/32326 LEADER 01451nam a2200313 i 4500 001 000000165904 003 CaOOAMICUS 005 20071204000000.0 008 071204s2006 it u000 u ita u 013 $a143272 020 $a88-311-2671-7 040 $aSeMil$bita 100 1 $aCompagnoni, Francesco,$c.$0(OLS)http://semarc/name/90324 245 10$aEtica e globalizzazione /$cFrancesco Compagnoni, Alberto Lo Presti (edd.) ; introduzione di Francesco Compagnoni. 260 $aRoma :$bCittà Nuova,$c2006. 300 $a236 p. ;$c21 cm. 490 0 $aItinerari etici ;$v4 500 $aIn calce al front. : Associazione teologica italiana per lo studio della morale. 650 4$aGlobalizzazione e paesi in via di sviluppo.$0(OLS)http://semarc/subject/18604 650 4$aCooperazione economica.$0(OLS)http://semarc/subject/24716 650 4$aGlobalizzazione e etica - Sistemi e conseguenze.$0(OLS)http://semarc/subject/31486 700 1 $aLo Presti, Alberto.$0(OLS)http://semarc/name/8039 830 0$aItinerari etici ;$v4.$0(OLS)http://semarc/title/24856 850 $aSeMil 852 $aSeMil$W1$xVenegono$y1$m2E II 441$j117075$B117075$CSeMilBibl$Z2$F129909 $81 961 $aAcquisto: Città Nuova (Agente) 996 $6020$a88-311-2671-7$9(OLS)http://semarc/number/152326 996 $6245$aEtica e globalizzazione$9(OLS)http://semarc/title/236922 996 $6260$aRoma :$bCittà Nuova$9(OLS)http://semarc/publisher/29609 LEADER 01434nam a2200325 i 4500 001 000000174639 003 CaOOAMICUS 005 20181122120513.0 008 080923s2011 it u000 u ita u 013 $a152115 020 $a978-88-10-12102-3 040 $aSeMil$bita 100 1 $aCaspani, Pierpaolo,$d<1960- >.$0(OLS)http://semarc/name/33338 245 10$aIniziazione cristiana :$bl'itinerario e i sacramenti /$cPierpaolo Caspani, Paolo Sartor ; prefazione di Walther Ruspi. 260 $aBologna :$bEDB,$cristampa 2011. 300 $a199 p. ;$c22 cm. 490 0 $aFormazione catechisti ;$v2 500 $aCopia autografata dall'A. 650 4$aCatechismo - Manuali e sussidi.$0(OLS)http://semarc/subject/253 650 4$aSacramenti - Iniziazione cristiana.$0(OLS)http://semarc/subject/5938 700 1 $aRuspi, Walther.$0(OLS)http://semarc/name/65180 700 1 $aSartor, Paolo.$0(OLS)http://semarc/name/29109 830 0$aFormazione catechisti ;$v2.$0(OLS)http://semarc/title/26406 850 $aSeMil 852 $aSeMil$W1$xVenegono$y1$m2C III 531$j125475$B125475$CSeMilBibl$Z2$F136961 $81 961 $aOmaggio: Caspani don Pierpaolo 996 $6020$a978-88-10-12102-3$9(OLS)http://semarc/number/162596 996 $6245$aIniziazione cristiana :$bl'itinerario e i sacramenti$9(OLS)http://semarc/title/250373 996 $6260$aBologna :$bEDB$9(OLS)http://semarc/publisher/29669 LEADER 01212nam a2200277 i 4500 001 000000218850 003 CaOOAMICUS 005 20130302000000.0 008 130302s2013 it u000 u ita u 013 $a197747 020 $a978-88-215-7736-9 040 $aSeMil$bita 100 1 $aGrillo, Andrea,$d<1961- >.$0(OLS)http://semarc/name/2664 245 10$aGenealogia della libertà :$bun itinerario tra filosofia e teologia /$cAndrea Grillo. 260 $aCinisello Balsamo :$bSan Paolo,$c2013. 300 $a134 p. ;$c22 cm. 490 0 $aProblemi e dibattiti ;$v85 650 4$aLibertà - Filosofia.$0(OLS)http://semarc/subject/6435 650 4$aLibertà - Teologia.$0(OLS)http://semarc/subject/7116 830 0$aProblemi e dibattiti ;$v85.$0(OLS)http://semarc/title/6434 850 $aSeMil 852 $aSeMil$W1$xVenegono$y1$m2D III 368$j169220$B169220$CSeMilBibl$Z2$F180137 $81 961 $aRecupero: Seminario di Seveso 996 $6020$a978-88-215-7736-9$9(OLS)http://semarc/number/216711 996 $6245$aGenealogia della libertà :$bun itinerario tra filosofia e teologia$9(OLS)http://semarc/title/314136 996 $6260$aCinisello Balsamo :$bSan Paolo$9(OLS)http://semarc/publisher/30129 LEADER 00816nam a2200229 i 4500 001 000000182583 003 CaOOAMICUS 005 20151016000000.0 008 151016s1960 it u000 u ita u 013 $a160540 040 $aSeMil$bita 245 13$aLe beatitudini /$cPadre F. M. Franzi Oblato Missionario di Maria. 260 $aNovara :$bBertoncelli,$c1960. 300 $a267 p. ;$c20 cm. 500 $aFondo card. Giovanni Colombo. 650 4$aBibbia - Beatitudini.$0(OLS)http://semarc/subject/1685 850 $aSeMil 852 $aSeMil$W1$xVenegono$y1$m3GC I 529$j133287$B133287$CSeMilBibl$Z2$F145171 $8B 941 1 $a3 961 $aLascito: Colombo Card. Giovanni 996 $6245$aLe beatitudini$9(OLS)http://semarc/title/1743 996 $6260$aNovara :$bBertoncelli$9(OLS)http://semarc/publisher/49659 LEADER 01352nam a2200289 i 4500 001 000000108775 003 CaOOAMICUS 005 20021104000000.0 008 021104s2002 it u000 u ita u 013 $a81455 020 $a88-209-7156-9 040 $aSeMil$bita 100 1 $aMarchetto, Agostino,$c.$0(OLS)http://semarc/name/45687 245 10$aChiesa e Papato nella storia e nel diritto :$b25 anni di studi critici /$cAgostino Marchetto. 260 $aCittà del Vaticano :$bLibreria Editrice Vaticana,$c2002. 300 $a770 p. ;$c25 cm. 490 0 $aStoria e attualità ;$v16 650 4$aChiesa - Storia - Studi.$0(OLS)http://semarc/subject/2119 650 4$aDiritto canonico - Storia.$0(OLS)http://semarc/subject/716 650 4$aPapato - Storia.$0(OLS)http://semarc/subject/198 830 0$aStoria e attualità ;$v16.$0(OLS)http://semarc/title/10072 850 $aSeMil 852 $aSeMil$W1$xVenegono$y1$m3A V 184$j64837$B64837$CSeMilBibl$Z2$F72808 $81 961 $aOmaggio: Tremolada don Pierantonio 996 $6020$a88-209-7156-9$9(OLS)http://semarc/number/89845 996 $6245$aChiesa e Papato nella storia e nel diritto :$b25 anni di studi critici$9(OLS)http://semarc/title/157792 996 $6260$aCittà del Vaticano :$bLibreria Editrice Vaticana$9(OLS)http://semarc/publisher/29734 LEADER 00402nab a2200133 i 4500 001 000000314286 003 CaOOAMICUS 005 20180831173128.0 008 180831n xx uu u0 0und r 013 $a23373 040 $aSeMil$bita 245 10$aCronaca scientifica e religiosa. 773 0 $t[Gennaio-Dicembre].$g86-94, 175-182$w()274263 996 $6245$aCronaca scientifica e religiosa$9(OLS)http://semarc/title/387878